000 00596nam a2200205Ia 4500
008 191130s1996##################000#0#eng##
020 _a9780521577779
040 _aACL
_cACL
082 _a332.024015198 ZEN
100 _aZenios, Stavros A
245 _aFinancial optimization
_cStavros A Zenios
260 _aCambridge
_bCambridge University Press
_c1996
300 _a240 p. ; 23 cm
500 _aIncludes index
650 _aFinance -- Mathematical models
650 _aMathematical optimization
990 _a31c7b8f8ac10000c77879bde15bc2e5b
991 _a404337
999 _c183739
_d183739